[Event "ISL-ch"]
[Site "Mosfellsbaer"]
[Date "2024.04.26"]
[Round "10"]
[White "Birkisson, Bardur Orn"]
[Black "Heimisson, Hilmir Freyr"]
[Result "1-0"]
[WhiteElo "2169"]
[BlackElo "2361"]
[PlyCount "79"]
[EventDate "2024.04.16"]
[EventType "tourn"]
[EventRounds "11"]
[EventCountry "ISL"]
[EventCategory "6"]
[SourceTitle "CB18_2024"]
[SourceDate "2024.05.01"]
[SourceVersion "1"]
[SourceVersionDate "2024.05.01"]
[SourceQuality "2"]

1. e4 c5 2. Nf3 e6 3. d4 cxd4 4. Nxd4 Nc6 5. Nc3 Nf6 6. a3 d6 7. Be2 Be7 8. 0-0 0-0 9. Be3 Qc7 10. f4 Nxd4 11. Qxd4 b6 12. Rac1 Bb7 13. Bf3 e5 14. Qd3 Bc6 15. Nb5 Qb7 16. Nxd6 Bxd6 17. Qxd6 Rad8 18. Qxe5 Rfe8 19. Qg5 Bxe4 20. f5 Qa6 21. Qg3 Bxf3 22. Qxf3 Qb5 23. b3 Rc8 24. Bd4 Ne4 25. c4 Qc6 26. f6 Qd6 27. Rcd1 g6 28. Bb2 Qc5+ 29. Kh1 Re6 30. Rd5 Qf8 31. Qf4 Nd6 32. Be5 Ne8 33. b4 Rec6 34. Rc1 a5 35. bxa5 Qxa3 36. axb6 Rxb6 37. h3 Qa6 38. Ra1 Qb7 39. Qd4 Rbc6 40. Rb5 1-0

[Event "ISL-ch"]
[Site "Mosfellsbaer"]
[Date "2024.04.24"]
[Round "8"]
[White "Birkisson, Bardur Orn"]
[Black "Gretarsson, Hjorvar Steinn"]
[Result "0-1"]
[WhiteElo "2169"]
[BlackElo "2518"]
[PlyCount "82"]
[EventDate "2024.04.16"]
[EventType "tourn"]
[EventRounds "11"]
[EventCountry "ISL"]
[EventCategory "6"]
[SourceTitle "CB18_2024"]
[SourceDate "2024.05.01"]
[SourceVersion "1"]
[SourceVersionDate "2024.05.01"]
[SourceQuality "2"]

1. e4 c5 2. Nf3 e6 3. d4 cxd4 4. Nxd4 Nf6 5. Nc3 d6 6. Be3 a6 7. a3 b5 8. Bd3 Bb7 9. 0-0 Nbd7 10. f4 Be7 11. Qf3 Nc5 12. Rae1 0-0 13. Kh1 Re8 14. Bd2 Rc8 15. b4 Nxd3 16. cxd3 Nd7 17. Nb3 Rc7 18. Qe3 Bf6 19. Rc1 Qb8 20. Na5 Ba8 21. Ne2 Rec8 22. Rxc7 Rxc7 23. Rc1 Rxc1+ 24. Bxc1 Qc7 25. Qd2 e5 26. Bb2 d5 27. exd5 exf4 28. Bxf6 Nxf6 29. Nxf4 Nxd5 30. Nxd5 Bxd5 31. Kg1 Qe5 32. d4 Qe4 33. h3 h5 34. Kh2 h4 35. Qf2 g5 36. Qb2 Qd3 37. Qf2 Kg7 38. Qb2 Kg6 39. Kg1 f5 40. Kh2 g4 41. hxg4 fxg4 0-1

[Event "ISL-ch"]
[Site "Mosfellsbaer"]
[Date "2024.04.20"]
[Round "5"]
[White "Birkisson, Bardur Orn"]
[Black "Steingrimsson, Hedinn"]
[Result "0-1"]
[WhiteElo "2169"]
[BlackElo "2502"]
[PlyCount "80"]
[EventDate "2024.04.16"]
[EventType "tourn"]
[EventRounds "11"]
[EventCountry "ISL"]
[EventCategory "6"]
[SourceTitle "CB18_2024"]
[SourceDate "2024.05.01"]
[SourceVersion "1"]
[SourceVersionDate "2024.05.01"]
[SourceQuality "2"]

1. e4 c5 2. Nf3 d6 3. Bb5+ Nd7 4. a4 Ngf6 5. Nc3 g6 6. a5 Bg7 7. 0-0 a6 8. Be2 0-0 9. d3 b5 10. axb6 Nxb6 11. Qd2 e5 12. Qg5 Qe8 13. Qh4 Nh5 14. Ne1 Bf6 15. Bg5 Bxg5 16. Qxg5 Nf4 17. Bf3 Ra7 18. Ne2 Ne6 19. Qg3 Kh8 20. c3 f5 21. d4 f4 22. Qh4 cxd4 23. cxd4 h5 24. d5 Nd8 25. Nc3 Nc4 26. Nb1 Nxb2 27. Be2 Na4 28. f3 Nc5 29. Na3 Rg7 30. Qf2 g5 31. Nc4 Qe7 32. Nb6 Bb7 33. Nd3 Nb3 34. Ra3 Nd4 35. h3 Nf7 36. Rc1 g4 37. hxg4 hxg4 38. fxg4 Ng5 39. Ne1 Nxe4 40. Rh3+ Kg8 0-1

[Event "Reykjavik op"]
[Site "Reykjavik"]
[Date "2024.03.17"]
[Round "4"]
[White "Birkisson, Bardur Orn"]
[Black "Abbott, James M"]
[Result "1-0"]
[WhiteElo "2189"]
[BlackElo "1852"]
[PlyCount "59"]
[EventDate "2024.03.15"]
[EventType "swiss"]
[EventRounds "9"]
[EventCountry "ISL"]
[SourceTitle "CB13_2024"]
[SourceDate "2024.03.27"]
[SourceVersion "1"]
[SourceVersionDate "2024.03.27"]
[SourceQuality "1"]

1. e4 e6 2. d4 d5 3. Nd2 c5 4. Ngf3 cxd4 5. exd5 Qxd5 6. Bc4 Qd8 7. 0-0 Nf6 8. Nb3 Be7 9. Nbxd4 0-0 10. Qe2 a6 11. Re1 Nc6 12. Nxc6 bxc6 13. Ne5 Qc7 14. Bf4 Bd6 15. Bg3 Bb7 16. Rad1 Nd5 17. Bd3 Rad8 18. c4 Nf6 19. c5 Bxc5 20. Ng6 Qb6 21. Nxf8 Bxf8 22. Bh4 Be7 23. Be4 a5 24. Rxd8+ Qxd8 25. Qc2 Nxe4 26. Bxe7 Qxe7 27. Qxe4 h6 28. h3 c5 29. Qe5 Kf8 30. Qb8+ 1-0

[Event "Ceske Budejovice op-A"]
[Site "Ceske Budejovice"]
[Date "2023.07.08"]
[Round "8"]
[White "Birkisson, Bardur Orn"]
[Black "Prazak, Daniel"]
[Result "1/2-1/2"]
[WhiteElo "2199"]
[BlackElo "2082"]
[PlyCount "22"]
[EventDate "2023.07.01"]
[EventType "swiss"]
[EventRounds "9"]
[EventCountry "CZE"]
[SourceTitle "CBM 215 Extra"]
[Source "ChessBase"]
[SourceDate "2023.09.30"]
[SourceVersion "1"]
[SourceVersionDate "2023.09.30"]
[SourceQuality "1"]

1. e4 e5 2. Nf3 Nc6 3. Bb5 Nf6 4. d3 Bc5 5. c3 d5 6. exd5 Qxd5 7. Bc4 Qd6 8. b4 Bb6 9. 0-0 e4 10. dxe4 Qxd1 11. Rxd1 Nxe4 1/2-1/2

[Event "Ceske Budejovice op-A"]
[Site "Ceske Budejovice"]
[Date "2023.07.05"]
[Round "5"]
[White "Dobrowolski, Piotr"]
[Black "Birkisson, Bardur Orn"]
[Result "1-0"]
[WhiteElo "2417"]
[BlackElo "2199"]
[PlyCount "59"]
[EventDate "2023.07.01"]
[EventType "swiss"]
[EventRounds "9"]
[EventCountry "CZE"]
[SourceTitle "CBM 215 Extra"]
[Source "ChessBase"]
[SourceDate "2023.09.30"]
[SourceVersion "1"]
[SourceVersionDate "2023.09.30"]
[SourceQuality "1"]

1. e4 c5 2. Nf3 e6 3. d4 cxd4 4. Nxd4 Nc6 5. Nc3 Qc7 6. Be3 a6 7. g4 b5 8. Nxc6 Qxc6 9. Qd2 Bb7 10. f3 Rc8 11. 0-0-0 Nf6 12. g5 Nh5 13. Bh3 b4 14. Ne2 Be7 15. Bg4 g6 16. Bxh5 gxh5 17. Bd4 Rg8 18. Bf6 a5 19. Kb1 d5 20. Nd4 Qd7 21. exd5 Bxd5 22. Rhe1 Rd8 23. Qf4 Rc8 24. Bxe7 Kxe7 25. Qf6+ Ke8 26. Nxe6 Bxa2+ 27. Ka1 Bxe6 28. Rxd7 Kxd7 29. f4 Rc5 30. Rxe6 1-0

[Event "Teplice op"]
[Site "Teplice"]
[Date "2023.06.15"]
[Round "6"]
[White "Birkisson, Bardur Orn"]
[Black "Harikrishnan, A Ra"]
[Result "0-1"]
[WhiteElo "2179"]
[BlackElo "2400"]
[PlyCount "96"]
[EventDate "2023.06.10"]
[EventType "swiss"]
[EventRounds "9"]
[EventCountry "CZE"]
[SourceTitle "CBM 214 Extra"]
[Source "ChessBase"]
[SourceDate "2023.07.31"]
[SourceVersion "1"]
[SourceVersionDate "2023.07.31"]
[SourceQuality "1"]

1. e4 c6 2. d4 d5 3. exd5 cxd5 4. Bd3 Nc6 5. c3 Nf6 6. Bf4 Bg4 7. Qb3 Qd7 8. Nd2 e6 9. Ngf3 Bd6 10. Bxd6 Qxd6 11. 0-0 0-0 12. Rfe1 Bxf3 13. Nxf3 Qc7 14. Qd1 Nd7 15. Ne5 Ncxe5 16. dxe5 Nxe5 17. Bxh7+ Kxh7 18. Qh5+ Kg8 19. Rxe5 g6 20. Qe2 Kg7 21. h4 Rh8 22. g3 b5 23. Qe3 Qc4 24. a3 a5 25. h5 Rh6 26. Qf3 Rah8 27. hxg6 Rxg6 28. Rae1 Qh4 29. Kf1 Qh3+ 30. Ke2 b4 31. cxb4 axb4 32. axb4 Rc8 33. Rh1 Rc2+ 34. Kd3 Rxf2 35. Rxh3 Rxf3+ 36. Re3 Rxe3+ 37. Kxe3 Rg4 38. Kd3 Rxb4 39. Kc3 Rc4+ 40. Kd3 Rg4 41. Kc3 Kf6 42. b4 Ke7 43. Kb3 Kd6 44. Ka4 f5 45. Ka5 Rg8 46. b5 Kc5 47. Ka6 Ra8+ 48. Kb7 Ra5 0-1

[Event "Titled Tuesday intern op 18th Apr Early"]
[Site "Chess.com INT"]
[Date "2023.04.18"]
[Round "8"]
[White "Birkisson, Bardur Orn"]
[Black "Coelho, Ramyres Santana"]
[Result "0-1"]
[WhiteElo "2143"]
[BlackElo "1981"]
[PlyCount "82"]
[EventDate "2023.04.18"]
[EventType "swiss (blitz)"]
[EventRounds "11"]
[EventCountry "USA"]
[SourceTitle "EXT 2024"]
[Source "ChessBase"]
[SourceDate "2023.10.10"]
[SourceVersion "1"]
[SourceVersionDate "2023.10.10"]
[SourceQuality "1"]

1. c4 Nf6 2. Nc3 e5 3. Nf3 d6 4. e3 g6 5. d4 Nc6 6. Be2 exd4 7. Nxd4 Bg7 8. Nxc6 bxc6 9. 0-0 0-0 10. Qd2 Re8 11. Bf3 Bd7 12. b3 Ne4 13. Bxe4 Bxc3 14. Qxc3 Rxe4 15. Bb2 f6 16. Rad1 Re6 17. Rd2 Qe7 18. Rfd1 Kf7 19. Qd4 c5 20. Qh4 Kg8 21. Bc3 Bc6 22. a3 a5 23. Qg3 Kg7 24. h4 h5 25. Rd3 Re4 26. Bd2 Rg4 27. Qh3 Rxg2+ 28. Qxg2 Bxg2 29. Kxg2 Qe4+ 30. f3 Qxd3 31. Kf2 Qc2 32. Ke2 Qxb3 33. Rc1 Qxa3 34. Rc3 Qb4 35. Rd3 Qxc4 36. e4 a4 37. Ke3 Qxd3+ 38. Kxd3 a3 39. Bc3 a2 40. Ba1 Rb8 41. Kc2 Rb1 0-1

[Event "Titled Tuesday intern op 18th Apr Early"]
[Site "Chess.com INT"]
[Date "2023.04.18"]
[Round "5"]
[White "Birkisson, Bardur Orn"]
[Black "Pesotskiy, Mikhail"]
[Result "0-1"]
[WhiteElo "2143"]
[BlackElo "2153"]
[PlyCount "58"]
[EventDate "2023.04.18"]
[EventType "swiss (blitz)"]
[EventRounds "11"]
[EventCountry "USA"]
[SourceTitle "EXT 2024"]
[Source "ChessBase"]
[SourceDate "2023.10.10"]
[SourceVersion "1"]
[SourceVersionDate "2023.10.10"]
[SourceQuality "1"]

1. c4 e5 2. Nc3 Nc6 3. g3 Bc5 4. Bg2 a6 5. Nf3 d6 6. 0-0 Nf6 7. a3 Ba7 8. d3 0-0 9. b4 Bg4 10. h3 Be6 11. Qc2 h6 12. e3 Qd7 13. Kh2 e4 14. Nxe4 Nxe4 15. dxe4 a5 16. Qc3 Ne5 17. Nxe5 dxe5 18. Qxe5 Bxc4 19. Re1 axb4 20. axb4 Bd4 21. exd4 Rxa1 22. d5 Ra2 23. Qd4 b5 24. Bb2 f6 25. e5 fxe5 26. Qxe5 Rxf2 27. Rb1 Bxd5 28. Qe3 Rxg2+ 29. Kh1 Rxg3+ 0-1

[Event "Titled Tuesday intern op 18th Apr Early"]
[Site "Chess.com INT"]
[Date "2023.04.18"]
[Round "10"]
[White "Birkisson, Bardur Orn"]
[Black "Vila Dupla, Aurelio"]
[Result "0-1"]
[WhiteElo "2143"]
[BlackElo "2030"]
[PlyCount "220"]
[EventDate "2023.04.18"]
[EventType "swiss (blitz)"]
[EventRounds "11"]
[EventCountry "USA"]
[SourceTitle "EXT 2024"]
[Source "ChessBase"]
[SourceDate "2023.10.10"]
[SourceVersion "1"]
[SourceVersionDate "2023.10.10"]
[SourceQuality "1"]

1. c4 Nf6 2. Nc3 d5 3. cxd5 Nxd5 4. g3 e5 5. Bg2 Nb6 6. Nf3 Nc6 7. 0-0 Be7 8. d3 0-0 9. a3 Be6 10. b4 Nd4 11. Nd2 Nd5 12. Bb2 f6 13. Nce4 a5 14. Nc5 Bxc5 15. bxc5 a4 16. e3 Nc6 17. Rb1 Nde7 18. Qc2 Qd7 19. Ba1 Ra7 20. Rfd1 Rd8 21. Ne4 Bb3 22. Qe2 Bxd1 23. Rxd1 Na5 24. Qh5 Qf5 25. Qe2 Nb3 26. Bc3 Nd5 27. Bb2 Qg6 28. Qc2 Ra6 29. Qc4 Qf7 30. Qc2 Ne7 31. h4 b6 32. cxb6 cxb6 33. Qc7 Rda8 34. d4 Ng6 35. Qc3 Qd7 36. Bf3 Rc8 37. Qe1 Qc7 38. dxe5 Nxe5 39. Bg2 Nc4 40. h5 Nxb2 41. Rd4 Nxd4 42. exd4 Qc1 43. Kf1 Qxe1+ 44. Kxe1 Rc1+ 45. Kd2 Rc8 46. Nd6 Rd8 47. Nf5 Rf8 48. Bd5+ Kh8 49. Kc3 Rd8 50. Be6 Nd1+ 51. Kd2 Nxf2 52. Ke3 Rda8 53. Kxf2 b5 54. d5 b4 55. axb4 a3 56. d6 a2 57. Bxa2 Rxa2+ 58. Kf3 Rd2 59. Ke3 Rxd6 60. Nxd6 Rb8 61. Kf3 Rxb4 62. Nf5 Rb3+ 63. Ne3 Rb7 64. Kf4 Kg8 65. g4 Kf7 66. Nf5 Rb4+ 67. Kf3 Rb3+ 68. Kf4 Rb4+ 69. Kf3 Ra4 70. Ne3 Kg8 71. Nf5 Ra3+ 72. Kf4 Kf7 73. Ne3 Ra4+ 74. Kf3 Ra3 75. Kf4 Rd3 76. Nf5 Rd1 77. Kf3 Rf1+ 78. Ke4 Rg1 79. Kf3 g6 80. hxg6+ hxg6 81. Ng3 Rxg3+ 82. Kxg3 g5 83. Kf3 Ke6 84. Ke4 Ke7 85. Ke3 Kd7 86. Kd3 Kd6 87. Kd4 Ke6 88. Ke4 Kf7 89. Kf3 Kg6 90. Ke4 Kg7 91. Ke3 Kf8 92. Ke4 Ke8 93. Kf5 Kf7 94. Ke4 Ke6 95. Kd4 f5 96. gxf5+ Kxf5 97. Ke3 Kg4 98. Kf2 Kh3 99. Kg1 Kg3 100. Kf1 Kf3 101. Kg1 g4 102. Kf1 g3 103. Kg1 g2 104. Kh2 Kf2 105. Kh3 g1Q 106. Kh4 Kf3 107. Kh5 Kf4 108. Kh6 Kf5 109. Kh7 Kf6 110. Kh8 Qg7# 0-1

[Event "Reykjavik op"]
[Site "Reykjavik"]
[Date "2023.03.29"]
[Round "1"]
[White "Shyam, Nikil P"]
[Black "Birkisson, Bardur Orn"]
[Result "1/2-1/2"]
[WhiteElo "2477"]
[BlackElo "2142"]
[PlyCount "144"]
[EventDate "2023.03.29"]
[EventType "swiss"]
[EventRounds "9"]
[EventCountry "ISL"]
[SourceTitle "CBM 213 Extra"]
[Source "ChessBase"]
[SourceDate "2023.05.31"]
[SourceVersion "1"]
[SourceVersionDate "2023.05.31"]
[SourceQuality "1"]

1. Nf3 d5 2. g3 c6 3. Bg2 Bg4 4. 0-0 Nf6 5. d4 e6 6. Nbd2 Nbd7 7. Re1 Bd6 8. e4 dxe4 9. Nxe4 Nxe4 10. Rxe4 Nf6 11. Re1 0-0 12. h3 Bh5 13. c4 Rc8 14. Qb3 Qb6 15. Qxb6 axb6 16. g4 Bg6 17. Ne5 Rfd8 18. Nxg6 hxg6 19. Be3 Rd7 20. Red1 Rcd8 21. Bf3 b5 22. g5 Nh5 23. cxb5 cxb5 24. d5 Nf4 25. dxe6 Nxe6 26. Bg4 Be5 27. Rxd7 Rxd7 28. Rc1 Bxb2 29. Rb1 Bc3 30. Rxb5 Bd2 31. a4 Bxe3 32. fxe3 Rd3 33. Kf2 Ra3 34. Bd1 Nd8 35. Bb3 Kf8 36. Ke2 Ra1 37. h4 Ke7 38. Kd2 Rh1 39. Rb4 Rb1 40. Re4+ Ne6 41. Kc2 Ra1 42. Kb2 Re1 43. a5 Kd6 44. Bc4 Rh1 45. Ba2 Re1 46. Ka3 Ra1 47. Rb4 Nc5 48. Rb6+ Kc7 49. Rb5 Kd6 50. Kb2 Rh1 51. Bxf7 Rxh4 52. Rb6+ Ke7 53. Bb3 Re4 54. Rxg6 Nxb3 55. Kxb3 Rxe3+ 56. Kb4 Re4+ 57. Kc5 Re5+ 58. Kb6 Kf7 59. Rd6 Rxg5 60. Rd7+ Kf6 61. Rxb7 Rg1 62. a6 Ra1 63. a7 g5 64. Rb8 g4 65. a8Q Rxa8 66. Rxa8 Ke5 67. Kc5 g3 68. Ra4 Kf5 69. Kd5 g2 70. Ra8 Kf4 71. Rg8 Kf3 72. Rxg2 Kxg2 1/2-1/2

[Event "ISL-chT1 2122"]
[Site "Reykjavik"]
[Date "2022.03.05"]
[Round "8.2"]
[White "Crevatin, Leo"]
[Black "Birkisson, Bardur Orn"]
[Result "1-0"]
[WhiteElo "2224"]
[BlackElo "2163"]
[PlyCount "55"]
[EventDate "2021.09.30"]
[EventType "team-tourn"]
[EventRounds "10"]
[EventCountry "ISL"]
[SourceTitle "EXT 2023"]
[Source "ChessBase"]
[SourceDate "2022.10.05"]
[SourceVersion "1"]
[SourceVersionDate "2022.10.05"]
[SourceQuality "1"]
[WhiteTeam "Taflfelag Gardabaejar"]
[BlackTeam "Taflfelag Reykjavikur"]
[WhiteTeamCountry "ISL"]
[BlackTeamCountry "ISL"]

1. d4 d5 2. c4 c6 3. Nf3 Nf6 4. e3 Bf5 5. Nc3 a6 6. Ne5 e6 7. g4 Bg6 8. h4 dxc4 9. h5 Bd3 10. Bxd3 cxd3 11. g5 Nfd7 12. Nf3 c5 13. Qxd3 Nc6 14. Bd2 cxd4 15. exd4 Nde5 16. Nxe5 Nxe5 17. Qe2 Qxd4 18. 0-0-0 Nd3+ 19. Kb1 0-0-0 20. Be3 Qc4 21. Bb6 Rd7 22. Rh3 Qc6 23. Rhxd3 Rxd3 24. Qxd3 Qxb6 25. Qd7+ Kb8 26. Qe8+ Ka7 27. Rd8 Qc7 28. Na4 1-0

[Event "ISL-chT1 2122"]
[Site "Reykjavik"]
[Date "2021.10.02"]
[Round "4.2"]
[White "Dadason, Gudmundur"]
[Black "Birkisson, Bardur Orn"]
[Result "0-1"]
[WhiteElo "2119"]
[BlackElo "2163"]
[PlyCount "78"]
[EventDate "2021.09.30"]
[EventType "team-tourn"]
[EventRounds "10"]
[EventCountry "ISL"]
[SourceTitle "EXT 2022"]
[Source "ChessBase"]
[SourceDate "2021.10.06"]
[SourceVersion "1"]
[SourceVersionDate "2021.10.06"]
[SourceQuality "1"]
[WhiteTeam "Breidjablik Bolungarvik"]
[BlackTeam "Taflfelag Reykjavikur"]
[WhiteTeamCountry "ISL"]
[BlackTeamCountry "ISL"]

1. d4 d5 2. Nf3 Nf6 3. c4 c6 4. Nc3 dxc4 5. a4 Bf5 6. e3 e6 7. Bxc4 Bb4 8. Qb3 a5 9. 0-0 Nbd7 10. Nh4 0-0 11. Nxf5 exf5 12. Rd1 Qe7 13. Ne2 Rfe8 14. Ng3 g6 15. Bd2 Nb6 16. Bxb4 axb4 17. a5 Nxc4 18. Qxc4 Nd5 19. a6 f4 20. exf4 Nxf4 21. axb7 Rxa1 22. Rxa1 Qxb7 23. f3 Kg7 24. Ne4 Qe7 25. g3 f5 26. gxf4 fxe4 27. Re1 e3 28. Re2 Qd6 29. Kg2 h5 30. Qc1 Qxd4 31. Qxc6 Re7 32. f5 Qf6 33. Qc5 gxf5 34. f4 Qe6 35. Qxb4 Kh7 36. Qd4 Qc6+ 37. Kg3 h4+ 38. Kxh4 Qh6+ 39. Kg3 Qg6+ 0-1

[Event "ISL-chT1 1920"]
[Site "Reykjavik"]
[Date "2019.10.05"]
[Round "4.1"]
[White "Birkisson, Bardur Orn"]
[Black "Bjornsson, Tomas"]
[Result "1/2-1/2"]
[WhiteElo "2197"]
[BlackElo "2154"]
[PlyCount "104"]
[EventDate "2019.10.03"]
[EventType "team-tourn"]
[EventRounds "9"]
[EventCountry "ISL"]
[SourceTitle "CBM 195 Extra"]
[Source "ChessBase"]
[SourceDate "2020.05.31"]
[SourceVersion "1"]
[SourceVersionDate "2020.05.31"]
[SourceQuality "1"]
[WhiteTeam "Taflfelag Reykjavikur"]
[BlackTeam "Skakdeild Fjolnis"]
[WhiteTeamCountry "ISL"]
[BlackTeamCountry "ISL"]

1. d4 d5 2. Bf4 Nf6 3. e3 Bf5 4. Nd2 e6 5. Ngf3 h6 6. c4 c6 7. Qb3 Qc8 8. Be2 Nbd7 9. Rc1 Be7 10. h3 0-0 11. 0-0 Ne4 12. Nxe4 Bxe4 13. Nd2 Nf6 14. Nxe4 Nxe4 15. Rfd1 Bd6 16. Bxd6 Nxd6 17. Qa3 Nxc4 18. Bxc4 dxc4 19. Rxc4 Qd7 20. b4 a6 21. Rb1 Rad8 22. Qc3 Rc8 23. a4 Rfd8 24. Rc1 Ra8 25. Rc5 Rab8 26. Qb3 Rbc8 27. R1c3 Ra8 28. Qb2 Rac8 29. Rb3 Rc7 30. Rbc3 Rcc8 31. Qc1 Ra8 32. b5 axb5 33. axb5 cxb5 34. Rc7 Qd5 35. R3c5 Qb3 36. Rxb7 Rab8 37. Rcc7 Rxb7 38. Rxb7 b4 39. Qe1 e5 40. Qxb4 Qd1+ 41. Kh2 exd4 42. Qc4 Qh5 43. exd4 Qf5 44. Kg1 Rc8 45. Rc7 Rd8 46. Rc5 Qd7 47. d5 Qf5 48. Qd4 Rd6 49. Rb5 h5 50. Rb8+ Kh7 51. Rb5 Kg8 52. Rb8+ Kh7 1/2-1/2

[Event "ISL-chT1 1920"]
[Site "Reykjavik"]
[Date "2019.10.03"]
[Round "1.5"]
[White "Antipov, Mikhail Al"]
[Black "Birkisson, Bardur Orn"]
[Result "1/2-1/2"]
[WhiteElo "2567"]
[BlackElo "2197"]
[PlyCount "85"]
[EventDate "2019.10.03"]
[EventType "team-tourn"]
[EventRounds "9"]
[EventCountry "ISL"]
[SourceTitle "CBM 195 Extra"]
[Source "ChessBase"]
[SourceDate "2020.05.31"]
[SourceVersion "1"]
[SourceVersionDate "2020.05.31"]
[SourceQuality "1"]
[WhiteTeam "Skakfelag Selfoss"]
[BlackTeam "Taflfelag Reykjavikur"]
[WhiteTeamCountry "ISL"]
[BlackTeamCountry "ISL"]

1. e4 e5 2. Nf3 Nc6 3. Bb5 a6 4. Ba4 Nf6 5. d3 d6 6. c4 g6 7. d4 exd4 8. Nxd4 Bd7 9. Nxc6 bxc6 10. Nc3 Bg7 11. 0-0 0-0 12. Bg5 h6 13. Bh4 Re8 14. Re1 Rb8 15. Rb1 g5 16. Bg3 Ng4 17. Qd2 Ne5 18. b3 h5 19. f4 h4 20. Bxh4 gxh4 21. fxe5 Rxe5 22. Rf1 Qg5 23. Qxg5 Rxg5 24. Nd5 Bh3 25. Nf4 Bxg2 26. Nxg2 h3 27. Rbd1 c5 28. e5 Rxg2+ 29. Kh1 Bxe5 30. Rg1 Rxg1+ 31. Rxg1+ Kf8 32. Bd7 Ke7 33. Bxh3 a5 34. Rf1 a4 35. Rf3 axb3 36. axb3 Ra8 37. Bf5 Ra1+ 38. Kg2 Ra2+ 39. Rf2 Rxf2+ 40. Kxf2 Bxh2 41. Kf3 Kf6 42. Ke4 Be5 43. Bc8 1/2-1/2